Culture and development /

Zapisane w:
Opis bibliograficzny
1. autor: Schech, Susanne
Format: Nieznany
Język:English
Wydane: Oxford : Blackwell Publishers, 2000.
Hasła przedmiotowe:
Etykiety: Dodaj etykietę
Nie ma etykietki, Dołącz pierwszą etykiete!

MARC

LEADER 000000000a22000000004500
001 012800
041 0 |a eng 
082 0 4 |a 306.095   |b S336c 
100 1 |a Schech, Susanne 
245 1 0 |a Culture and development /   |c Susanne Schech. 
260 1 |a Oxford :   |b Blackwell Publishers,   |c 2000. 
300 |a 226 páginas :   |b ilustraciones ;   |c 26 cm 
650 4 |a CULTURA 
650 4 |a DESARROLLO ECONOMICO 
650 4 |a ASIA 
650 4 |a CONDICIONES ECONOMICAS 
650 4 |a VIDA SOCIAL 
650 4 |a COSTUMBRES 
650 4 |a SIGLO XX 
500 |a Colección George Yúdice 
999 |c 18749  |d 18749 
942 |c BK  |h 306.095 S336c  |2 z